00738 2200229 4500001002100000005001700021008004100038035002400079040001200103041001400115082001000129090001900139100002300158245011400181260008800295300004200383500001600425504001300441650002400454852001200478990001800490YOGYA-0113000000136320130122114541.0 ind  0010-011300000001363 aYOPDYOG aIndonesia a351.1 aSK 351.1 Rah S aRahayu Dwi Arsanti aStudi tentang kinerja pengelolaan sampah pada sub Dinas Kebersihan , Keindahan, dan Pemakaman Kota Yogyakarta aYogyakarta :bFakultas Ilmu Sosial dan Ilmu Politik Universitas Gadjah Mada ,c2003 avii, 152 , (14) lbr . :blamp ;c30cm aSkripsi UGM albr. 153 aPegawai - Manajemen aYOPDYOG a43444-PD/A.12